000 00431nam a2200181 a 4500
001 4417
003 CO-ViMGA
008 141112s2004 ck r 000 u spa d
040 _aCO-ViMGA
_bspa
_cCO-ViMGA
082 0 4 _a635 K19
100 1 _aKay, Daisy E
_955123
245 1 0 _aLegumbres alimentarias
260 _aZaragoza :
_bAcribia,
_c1985
300 _a437 p
490 _aAgricultura
650 1 4 _aHORTALIZAS
942 _2ddc
_cBK
999 _c16427
_d16427